[Event "Polonia Wroclaw Masters Cup-IM"]
[Site "Wroclaw"]
[Date "2019.05.02"]
[Round "6.4"]
[White "Frolov, Artur"]
[Black "Mahitosh Dey"]
[Result "1-0"]
[WhiteElo "2440"]
[BlackElo "2187"]
[Annotator "TA"]
[PlyCount "119"]
[EventDate "2019.04.28"]
[EventType "tourn"]
[EventCountry "POL"]
[SourceTitle "playchess.com"]
[Source "ChessBase"]
[SourceQuality "1"]

{[%evp 9,119,17,18,29,39,22,39,33,47,47,50,8,13,17,18,19,21,20,22,0,0,-5,13,25,40,52,43,16,52,27,66,56,35,31,36,7,16,1,7,-36,-6,-70,-63,-106,-45,-91,0,0,0,0,0,0,0,-36,-37,-46,-36,-45,-30,-45,-46,-48,0,0,0,0,0,0,62,64,62,73,158,145,163,169,282,239,238,233,1091,1033,925,982,972,950,1177,1033,1621,1529,1495,1502,29972,29973,29973,29974,2966,11330,12812,12267,5850,6207,5683,5289,2931,3010,2690,2566,5725,7556,29976,29977]} 1. c4 e5 2. Nc3 Nf6 3. e3 Nc6 4. a3 a5 (4... g6 5. d4 exd4 6. exd4 Bg7 7. Nf3 O-O 8. d5 Re8+ 9. Be2 Ne5 10. Nxe5 Rxe5 11. Bf4 Re8 12. Qd2 {½-½ (30) Laznicka,V (2670)-Vitiugov,N (2726) Prague 2019}) 5. d4 exd4 6. exd4 {A25: English Opening vs King's Indian with ...Nc6 but without early d3} d5 7. Nf3 Bg4 8. Be3 {White is slightly better.} Be7 $146 ({Predecessor:} 8... dxc4 9. Bxc4 Be7 10. O-O O-O {½-½ (55) Mason,J-Barry,J Cable 1902}) 9. h3 Be6 10. b3 Ne4 11. Nxd5 Bxd5 12. cxd5 Nc3 13. Qc2 Nxd5 14. Bb5 O-O 15. O-O Nxe3 16. fxe3 Bd6 17. Bxc6 bxc6 18. e4 Qe7 19. a4 Rab8 20. e5 Ba3 21. Ra2 Rb6 22. Nd2 {[#] Hoping for Nc4.} Bb4 $1 23. Nc4 Rbb8 24. Ne3 (24. Raa1 {feels hotter.} Qe6 25. Rad1 Rbd8 26. Rd3 Rd7 27. Rfd1) 24... Qe6 25. Qc4 (25. Qe4 $11) 25... Qxc4 $15 26. bxc4 {[#]} Rbd8 ({Black should try} 26... c5 $1 $17 27. d5 Rfe8) 27. Rf4 Bc3 (27... c5 $17 28. d5 Bc3) 28. Nf5 $11 {Threatens to win with Ne7+.} c5 29. Ne7+ $1 Kh8 30. d5 {And now Nc6 would win.} Bxe5 31. Re4 Bd6 32. Nc6 Ra8 33. Rb2 g6 34. Rb5 Kg7 35. Kf2 Ra6 36. Re2 Rfa8 37. Kf3 Rb6 38. Reb2 Raa6 (38... Rxb5 $11 39. Rxb5 Re8) 39. Nb8 $14 Ra8 40. Nd7 $1 {[%cal Rd7b6]} Rba6 (40... Rxb5 $142 41. Rxb5 Re8) 41. Nxc5 $16 Bxc5 42. Rxc5 c6 (42... R6a7 $142 43. g4 f6) 43. Rxc6 Rxc6 44. dxc6 $18 {[%mdl 4096] Endgame Strongly threatening Ke4. KR-KR} Ra6 $2 (44... Kf6 45. Rb6 Ke7) 45. Ke4 ({Less strong is} 45. c7 Rc6 $16) 45... Rxc6 46. Kd5 Rf6 47. c5 {[%cal Bc4c5,Bc5c6,Bc6c7][%mdl 32]} Kf8 48. Re2 Rf1 49. c6 Rc1 50. Kd6 f5 51. c7 Rd1+ 52. Kc6 Rc1+ 53. Kb6 Rb1+ 54. Kxa5 Rc1 55. Kb6 Rb1+ 56. Kc6 Rc1+ 57. Kd7 Rd1+ 58. Kc8 Ra1 59. a5 Rxa5 60. Kb7 {Accuracy: White = 66%, Black = 41%.} 1-0

[Event "Polonia Wroclaw Masters Cup-IM"]
[Site "Wroclaw"]
[Date "2019.05.02"]
[Round "6.5"]
[White "Stachowiak, Kamil"]
[Black "Baum, Jonasz"]
[Result "1/2-1/2"]
[WhiteElo "2439"]
[BlackElo "2290"]
[Annotator "TA"]
[PlyCount "100"]
[EventDate "2019.04.28"]
[EventType "tourn"]
[EventCountry "POL"]
[SourceTitle "playchess.com"]
[Source "ChessBase"]
[SourceQuality "1"]

{[%evp 11,100,12,45,34,55,51,50,52,44,48,55,37,48,0,0,-8,66,60,56,59,75,58,60,62,71,66,104,97,187,185,197,194,170,18,77,73,82,0,0,0,0,0,0,0,44,37,39,41,41,43,47,47,38,40,37,37,37,46,37,42,63,63,63,63,63,63,63,63,63,63,63,63,56,56,56,56,56,52,52,51,51,51,51,51,52,16,16,3,52,52,52]} 1. c4 c5 2. g3 g6 3. Bg2 Bg7 4. Nc3 Nc6 5. a3 d6 6. Rb1 Bf5 7. d3 {A36: Symmetrical English vs ...g6: 4 Bg2 Bg7} Qd7 8. Bd2 Nf6 (8... h5 9. h3 Nf6 10. b4 O-O 11. e4 Be6 12. Nge2 Ne8 13. Be3 b6 14. Qd2 Nc7 {½-½ (89) Vocaturo,D (2607)-Tari,A (2578) Heraklio 2017}) 9. b4 O-O 10. h3 $146 ({Predecessor:} 10. h4 Rfe8 11. Nh3 e5 12. Ng5 h6 13. Nge4 Nxe4 14. Nxe4 Qe7 15. bxc5 dxc5 {½-½ (25) Loew,G (2241)-Braeuer,F (2406) Fuerth 2016}) 10... e5 11. Nd5 Be6 12. bxc5 (12. Bg5 $14 Bxd5 13. cxd5) 12... dxc5 $11 {[%cal Rf6d5]} 13. e4 Bxd5 (13... Ne8 $11) 14. cxd5 $14 Nd4 15. Ne2 Nxe2 16. Qxe2 Ne8 17. h4 Nd6 18. h5 Nb5 19. Bh3 Qe8 (19... f5 $16 {was necessary.}) 20. hxg6 $18 hxg6 21. Qg4 Nd4 {[#]} 22. Rxb7 $2 (22. Bg2 $1 $18 f6 23. Rxb7) 22... Rb8 (22... Qa4 $11 23. O-O Qxa3) 23. Rxb8 $16 Qxb8 {[#]} 24. O-O (24. Qd1 $1 $16) 24... Qb3 $11 25. Bg5 Qxd3 26. Be7 {[%mdl 64] Double Attack} c4 27. d6 $1 {[%cal Rd6d7]} Rb8 28. d7 Nc6 {...c3 is the strong threat.} 29. Rd1 Rb1 30. Rxb1 Qxb1+ 31. Bf1 c3 {Threatens to win with ...c2.} 32. d8=Q+ Nxd8 33. Qc8 c2 34. Qxd8+ Kh7 35. Bg5 f6 36. Be3 {Black must now prevent Qc7.} c1=Q 37. Bxc1 Qxc1 38. Qa5 Qc6 39. Qxa7 {Hoping for a4.} Qxe4 40. a4 $1 {[%cal Ba3a4,Ba4a5,Ba5a6][%mdl 32]} Qd4 41. Qxd4 exd4 $14 {[%mdl 4096] Endgame KB-KB} 42. a5 {aiming for a6.} Bf8 43. a6 {Strongly threatening a7.} Bc5 44. Bd3 Kg7 45. Kf1 g5 46. Ke2 Kf7 47. Bc4+ Ke7 48. Kd3 Kd6 49. Ke4 Ba7 (49... d3 $5) 50. f3 Bb6 {Accuracy: White = 75%, Black = 48%.} 1/2-1/2

[Event "Polonia Wroclaw Masters Cup-IM"]
[Site "Wroclaw"]
[Date "2019.05.03"]
[Round "7.1"]
[White "Baum, Jonasz"]
[Black "Krzywda, Andrzej"]
[Result "1-0"]
[WhiteElo "2290"]
[BlackElo "2195"]
[Annotator "NA"]
[PlyCount "77"]
[EventDate "2019.04.28"]
[EventType "tourn"]
[EventCountry "POL"]
[SourceTitle "playchess.com"]
[Source "ChessBase"]
[SourceQuality "1"]
[TimeControl "40/5400+30:900+30"]

1. d4 {[%emt 0:00:00]} Nf6 {[%emt 0:00:00]} 2. c4 {[%emt 0:00:00]} c5 {[%emt 0:00:00]} 3. d5 {[%emt 0:00:00]} e6 {[%emt 0:00:00]} 4. Nc3 {[%emt 0:00:00]} exd5 {[%emt 0:00:00]} 5. cxd5 {[%emt 0:00:00]} d6 {[%emt 0:00:00]} 6. e4 {[%emt 0:00:24]} g6 {[%emt 0:00:05]} 7. f4 {[%emt 0:00:12]} Bg7 {[%emt 0:00:23]} 8. Bb5+ {[%emt 0:00:08]} Nfd7 {[%emt 0:00:16]} 9. Nf3 {[%emt 0:00:13]} O-O {[%emt 0:00:33]} 10. O-O {[%emt 0:00:11]} a6 {[%emt 0:01:14]} 11. Bd3 {[%emt 0:00:10]} b5 {[%emt 0:01:32]} 12. Kh1 {[%emt 0:00:08]} Re8 {[%emt 0:04:26]} 13. f5 {[%emt 0:14:34]} b4 {[%emt 0:10:07]} 14. Ne2 {[%emt 0:00:45]} c4 {[%emt 0:03:40]} 15. Bc2 {[%emt 0:10:00]} Nc5 {[%emt 0:03:29]} 16. Ng3 {[%emt 0:01:35]} Nbd7 {[%emt 0:03:13]} 17. Bg5 {[%emt 0:09:52]} Qc7 {[%emt 0:03:48]} 18. Nd4 {[%emt 0:07:26]} Ne5 {[%emt 0:08:50]} 19. f6 {[%emt 0:01:10]} h6 {[%emt 0:04:21]} 20. Bd2 {[%emt 0:08:26]} Bg4 {[%emt 0:01:58]} 21. Qb1 {[%emt 0:01:01]} c3 {[%emt 0:08:04]} 22. bxc3 {[%emt 0:01:50]} bxc3 {[%emt 0:00:08]} 23. Bxc3 {[%emt 0:00:27]} Bxf6 {[%emt 0:08:46]} 24. h3 {[%emt 0:19:14]} Bc8 {[%emt 0:09:14]} 25. Qe1 {[%emt 0:16:41]} Bg7 {[%emt 0:04:20]} 26. Rb1 {[%emt 0:00:27]} Qe7 {[%emt 0:04:15]} 27. Rb6 {[%emt 0:03:26]} Ncd7 {[%emt 0:10:08]} 28. Ngf5 {[%emt 0:01:37]} gxf5 {[%emt 0:00:34]} 29. Nxf5 {[%emt 0:00:04]} Qg5 {[%emt 0:01:42]} 30. Rxd6 {[%emt 0:00:20]} Nf6 {[%emt 0:02:58]} 31. Nxg7 {[%emt 0:01:06]} Kxg7 {[%emt 0:01:33]} 32. Rdxf6 {[%emt 0:00:18]} Ra7 {[%emt 0:01:28]} 33. Qf2 {[%emt 0:01:51]} Rae7 {[%emt 0:01:38]} 34. Rxf7+ {[%emt 0:00:21]} Kg6 {[%emt 0:00:32]} 35. Qf6+ {[%emt 0:00:43]} Qxf6 {[%emt 0:01:05]} 36. R1xf6+ {[%emt 0:00:08]} Kg5 {[%emt 0:00:47]} 37. Bd2+ {[%emt 0:00:06]} Kh4 {[%emt 0:00:26]} 38. Rxh6+ {[%emt 0:00:05]} Kg3 {[%emt 0:00:11]} 39. Be1# {[%emt 0:00:03]} 1-0

[Event "Polonia Wroclaw Masters Cup-IM"]
[Site "Wroclaw"]
[Date "2019.05.03"]
[Round "7.2"]
[White "Mahitosh Dey"]
[Black "Stachowiak, Kamil"]
[Result "0-1"]
[WhiteElo "2187"]
[BlackElo "2439"]
[Annotator "NA"]
[PlyCount "86"]
[EventDate "2019.04.28"]
[EventType "tourn"]
[EventCountry "POL"]
[SourceTitle "playchess.com"]
[Source "ChessBase"]
[SourceQuality "1"]
[TimeControl "40/5400+30:900+30"]

1. d4 {[%emt 0:04:46]} Nf6 {[%emt 0:00:00]} 2. Nf3 {[%emt 0:00:06]} c5 {[%emt 0:00:00]} 3. d5 {[%emt 0:00:08]} g6 {[%emt 0:00:12]} 4. c4 {[%emt 0:01:56]} b5 {[%emt 0:00:09]} 5. Nc3 {[%emt 0:00:25]} bxc4 {[%emt 0:00:27]} 6. e4 {[%emt 0:00:06]} d6 {[%emt 0:00:06]} 7. Bxc4 {[%emt 0:00:04]} Bg7 {[%emt 0:00:22]} 8. O-O {[%emt 0:00:10]} O-O {[%emt 0:00:10]} 9. Bf4 {[%emt 0:01:25]} Bg4 {[%emt 0:02:28]} 10. Be2 {[%emt 0:00:08]} Bxf3 {[%emt 0:04:56]} 11. Bxf3 {[%emt 0:00:35]} Nbd7 {[%emt 0:00:10]} 12. Rb1 {[%emt 0:04:18]} Rb8 {[%emt 0:00:47]} 13. Qe2 {[%emt 0:02:07]} Ne8 {[%emt 0:01:11]} 14. Bg4 {[%emt 0:02:19]} Nc7 {[%emt 0:02:53]} 15. Bxd7 {[%emt 0:00:13]} Qxd7 {[%emt 0:00:07]} 16. e5 {[%emt 0:01:52]} Rb4 {[%emt 0:03:49]} 17. Bg3 {[%emt 0:01:27]} f5 {[%emt 0:10:19]} 18. a3 {[%emt 0:08:42]} Rd4 {[%emt 0:12:27]} 19. f3 {[%emt 0:03:11]} Nxd5 {[%emt 0:12:31]} 20. exd6 {[%emt 0:02:24]} exd6 {[%emt 0:00:55]} 21. Nxd5 {[%emt 0:00:13]} Rxd5 {[%emt 0:00:11]} 22. Qc4 {[%emt 0:00:03]} Qf7 {[%emt 0:00:20]} 23. Rbd1 {[%emt 0:02:03]} Rxd1 {[%emt 0:03:27]} 24. Qxf7+ {[%emt 0:00:04]} Kxf7 {[%emt 0:00:11]} 25. Rxd1 {[%emt 0:00:03]} Bd4+ {[%emt 0:00:43]} 26. Bf2 {[%emt 0:00:09]} Bxf2+ {[%emt 0:00:21]} 27. Kxf2 {[%emt 0:00:05]} Ke6 {[%emt 0:00:13]} 28. b4 {[%emt 0:02:35]} Rb8 {[%emt 0:01:52]} 29. bxc5 {[%emt 0:00:09]} dxc5 {[%emt 0:01:59]} 30. Re1+ {[%emt 0:00:04]} Kd6 {[%emt 0:00:34]} 31. Rd1+ {[%emt 0:00:03]} Kc6 {[%emt 0:00:07]} 32. Re1 {[%emt 0:00:03]} Rb2+ {[%emt 0:00:43]} 33. Kg3 {[%emt 0:00:06]} c4 {[%emt 0:00:44]} 34. Re6+ {[%emt 0:00:03]} Kc5 {[%emt 0:03:23]} 35. Re7 {[%emt 0:00:04]} c3 {[%emt 0:01:09]} 36. Rc7+ {[%emt 0:00:10]} Kd4 {[%emt 0:00:09]} 37. Rxh7 {[%emt 0:00:42]} Rb5 {[%emt 0:01:17]} 38. Rd7+ {[%emt 0:00:23]} Rd5 {[%emt 0:00:26]} 39. Rc7 {[%emt 0:00:04]} Rc5 {[%emt 0:00:07]} 40. Rd7+ {[%emt 0:00:00]} Ke3 {[%emt 0:00:00]} 41. Re7+ {[%emt 0:00:22]} Kd2 {[%emt 0:01:31]} 42. Rd7+ {[%emt 0:00:16]} Ke1 {[%emt 0:00:16]} 43. Re7+ {[%emt 0:01:06]} Kf1 {[%emt 0:00:23]} 0-1

[Event "Polonia Wroclaw Masters Cup-IM"]
[Site "Wroclaw"]
[Date "2019.05.03"]
[Round "7.3"]
[White "Fiedorek, Michal"]
[Black "Frolov, Artur"]
[Result "0-1"]
[WhiteElo "2075"]
[BlackElo "2440"]
[Annotator "RC"]
[PlyCount "76"]
[EventDate "2019.04.28"]
[EventType "tourn"]
[EventCountry "POL"]
[SourceTitle "playchess.com"]
[Source "ChessBase"]
[SourceQuality "1"]
[TimeControl "40/5400+30:900+30"]

1. e4 {[%emt 0:00:00]} c5 {[%emt 0:02:01]} 2. Nf3 {[%emt 0:00:00]} Nc6 {[%emt 0:00:08]} 3. d4 {[%emt 0:00:00]} cxd4 {[%emt 0:00:04]} 4. Nxd4 {[%emt 0:00:00]} Nf6 {[%emt 0:00:10]} 5. Nc3 {[%emt 0:00:36]} d6 {[%emt 0:00:06]} 6. Bg5 {[%emt 0:01:03]} e6 7. Qd2 {[%emt 0:00:33]} a6 {[%emt 0:00:23]} 8. O-O-O {[%emt 0:00:36]} Bd7 {[%emt 0:00:04]} 9. f4 {[%emt 0:00:56]} Be7 {[%emt 0:00:05]} 10. Nf3 {[%emt 0:00:25]} b5 {[%emt 0:00:05]} 11. Bxf6 {[%emt 0:00:27]} gxf6 {[%emt 0:00:05]} 12. f5 {[%emt 0:00:32]} Qa5 {[%emt 0:02:59]} 13. Kb1 {[%emt 0:00:21]} h5 {[%emt 0:05:48]} 14. g3 {[%emt 0:04:22]} Ne5 {[%emt 0:18:44]} 15. Nxe5 {[%emt 0:00:51]} fxe5 {[%emt 0:00:03]} 16. Bh3 {[%emt 0:03:26]} b4 {[%emt 0:05:08]} 17. Ne2 {[%emt 0:00:38]} Qc5 {[%emt 0:00:09]} 18. Nc1 {[%emt 0:03:11]} a5 {[%emt 0:02:52]} 19. Nd3 {[%emt 0:02:29]} Qc6 {[%emt 0:00:48]} 20. Rhf1 {[%emt 0:03:04]} h4 {[%emt 0:04:50]} 21. Bg4 {[%emt 0:29:47]} hxg3 {[%emt 0:11:58]} 22. hxg3 {[%emt 0:01:03]} Rc8 {[%emt 0:02:18]} 23. Qf2 {[%emt 0:16:58]} Qxe4 {[%emt 0:17:25]} 24. fxe6 {[%emt 0:00:37]} fxe6 {[%emt 0:00:33]} 25. Qf7+ {[%emt 0:04:53]} Kd8 {[%emt 0:00:04]} 26. Bxe6 {[%emt 0:07:39]} Rh7 {[%emt 0:01:43]} 27. Bd5 {[%emt 0:06:28]} Rxf7 {[%emt 0:00:52]} 28. Bxe4 {[%emt 0:00:07]} Rg7 {[%emt 0:02:50]} 29. Rd2 {[%emt 0:06:13]} Kc7 {[%emt 0:04:06]} 30. Rh2 {[%emt 0:01:38]} Rxg3 {[%emt 0:09:46]} 31. Rh7 {[%emt 0:00:47]} Re8 {[%emt 0:00:03]} 32. Rff7 {[%emt 0:04:10]} Rg1+ {[%emt 0:00:05]} 33. Nc1 {[%emt 0:00:04]} Kd8 {[%emt 0:00:01]} 34. c3 {[%emt 0:02:02]} Be6 {[%emt 0:00:38]} 35. Rf2 {[%emt 0:00:38]} d5 {[%emt 0:02:00]} 36. Bd3 {[%emt 0:00:51]} bxc3 {[%emt 0:02:02]} 37. bxc3 {[%emt 0:00:09]} Ba3 {[%emt 0:00:26]} 38. Rc2 {[%emt 0:00:11]} Re7 {[%emt 0:00:52]} 0-1

[Event "Polonia Wroclaw Masters Cup-IM"]
[Site "Wroclaw"]
[Date "2019.05.03"]
[Round "7.4"]
[White "Praczukowski, Stanislaw"]
[Black "Czopor, Maciej"]
[Result "0-1"]
[WhiteElo "2190"]
[BlackElo "2229"]
[Annotator "NA"]
[PlyCount "76"]
[EventDate "2019.04.28"]
[EventType "tourn"]
[EventCountry "POL"]
[SourceTitle "playchess.com"]
[Source "ChessBase"]
[SourceQuality "1"]
[TimeControl "40/5400+30:900+30"]

1. d4 {[%emt 0:00:00]} Nf6 {[%emt 0:00:00]} 2. c4 {[%emt 0:00:00]} b6 {[%emt 0:00:00]} 3. f3 {[%emt 0:00:43]} e6 {[%emt 0:00:25]} 4. e4 {[%emt 0:01:19]} Bb4+ {[%emt 0:00:09]} 5. Nc3 {[%emt 0:01:34]} c5 {[%emt 0:00:37]} 6. d5 {[%emt 0:01:54]} O-O {[%emt 0:00:35]} 7. Bd3 {[%emt 0:01:01]} b5 {[%emt 0:16:24]} 8. Nge2 {[%emt 0:11:19]} exd5 {[%emt 0:27:17]} 9. exd5 {[%emt 0:02:57]} bxc4 {[%emt 0:00:49]} 10. Bxc4 {[%emt 0:00:53]} d6 {[%emt 0:00:12]} 11. O-O {[%emt 0:01:13]} Nbd7 {[%emt 0:01:35]} 12. Bf4 {[%emt 0:15:05]} Nb6 {[%emt 0:03:20]} 13. Bb5 {[%emt 0:07:04]} Bb7 {[%emt 0:02:00]} 14. Bc6 {[%emt 0:00:29]} Bxc6 {[%emt 0:06:27]} 15. dxc6 {[%emt 0:00:21]} c4 {[%emt 0:06:10]} 16. a4 {[%emt 0:05:52]} a5 {[%emt 0:03:24]} 17. Bg5 {[%emt 0:06:06]} d5 {[%emt 0:04:06]} 18. Qd4 {[%emt 0:03:21]} Qd6 {[%emt 0:01:47]} 19. Be3 {[%emt 0:06:35]} Rab8 {[%emt 0:03:58]} 20. Kh1 {[%emt 0:02:44]} Qxc6 {[%emt 0:00:18]} 21. Rfd1 {[%emt 0:00:24]} Rfe8 {[%emt 0:01:58]} 22. Bg5 {[%emt 0:00:56]} Nfd7 {[%emt 0:03:05]} 23. Ng3 {[%emt 0:07:41]} Nc5 {[%emt 0:02:12]} 24. Nf5 {[%emt 0:01:43]} Ne6 {[%emt 0:02:23]} 25. Qg4 {[%emt 0:00:19]} Nxg5 {[%emt 0:02:07]} 26. Qxg5 {[%emt 0:00:07]} Qg6 {[%emt 0:00:28]} 27. Qf4 {[%emt 0:00:10]} Qf6 {[%emt 0:03:03]} 28. Nxd5 {[%emt 0:02:31]} Nxd5 {[%emt 0:00:46]} 29. Rxd5 {[%emt 0:00:01]} Qxb2 {[%emt 0:00:44]} 30. Rad1 {[%emt 0:00:31]} Qe2 {[%emt 0:01:19]} 31. h3 {[%emt 0:09:19]} Bf8 {[%emt 0:00:07]} 32. Rd7 {[%emt 0:00:53]} Qe6 {[%emt 0:01:28]} 33. Rc7 {[%emt 0:04:23]} Rbc8 {[%emt 0:02:10]} 34. Nd4 {[%emt 0:01:48]} Qd5 {[%emt 0:00:22]} 35. Rxc8 {[%emt 0:00:43]} Rxc8 {[%emt 0:00:01]} 36. Re1 {[%emt 0:00:44]} c3 {[%emt 0:00:49]} 37. Qg4 {[%emt 0:00:19]} Rc4 {[%emt 0:00:56]} 38. Re4 {[%emt 0:01:39]} c2 {[%emt 0:00:24]} 0-1

[Event "Polonia Wroclaw Masters Cup-IM"]
[Site "Wroclaw"]
[Date "2019.05.03"]
[Round "7.5"]
[White "Odnorozhenko, Evgenyi"]
[Black "Martynyuk, Elizaveta"]
[Result "1-0"]
[WhiteElo "2275"]
[BlackElo "2141"]
[Annotator "NA"]
[PlyCount "145"]
[EventDate "2019.04.28"]
[EventType "tourn"]
[EventCountry "POL"]
[SourceTitle "playchess.com"]
[Source "ChessBase"]
[SourceQuality "1"]
[TimeControl "40/5400+30:900+30"]

1. e4 {[%emt 0:01:36]} c5 {[%emt 0:01:25]} 2. Nf3 {[%emt 0:00:18]} Nc6 {[%emt 0:00:05]} 3. Bb5 {[%emt 0:00:09]} d6 {[%emt 0:00:06]} 4. O-O {[%emt 0:01:48]} Bd7 {[%emt 0:01:11]} 5. Re1 {[%emt 0:00:08]} Nf6 {[%emt 0:00:08]} 6. c3 {[%emt 0:00:07]} a6 {[%emt 0:00:04]} 7. Bf1 {[%emt 0:01:23]} Bg4 {[%emt 0:00:25]} 8. d4 {[%emt 0:01:21]} cxd4 {[%emt 0:00:10]} 9. cxd4 {[%emt 0:00:05]} Bxf3 {[%emt 0:00:06] B51: Sicilian: Moscow Variation (3 Bb5+) without 3...Bd7} 10. gxf3 {[%emt 0:00:08]} e5 {[%emt 0:00:13]} 11. d5 {[%emt 0:00:05]} Nd4 {[%emt 0:00:27]} 12. Be3 {[%emt 0:00:18]} Be7 {[%emt 0:02:31]} 13. Bxd4 {[%emt 0:00:16]} (13. Nd2 O-O 14. f4 Nd7 15. Bxd4 exd4 16. Nf3 {½-½ (141) Abdusattorov,N (2546)-Matlakov,M (2700) St Petersburg 2018}) 13... exd4 {[%emt 0:00:07]} 14. Qxd4 {[%emt 0:00:04]} O-O {[%emt 0:00:16]} 15. Nc3 $146 {[%emt 0:00:04]} ({Predecessor:} 15. f4 Qd7 16. Qe3 Ng4 17. Qg3 {1-0 (41) Tabatabaei,M (2298)-Bogner,S (2587) Dubai 2014}) 15... Qd7 {[%emt 0:05:38]} 16. Kh1 {[%emt 0:04:52]} Rae8 {[%emt 0:01:58]} 17. Rad1 {[%emt 0:05:35]} h6 {[%emt 0:03:56]} 18. Qa4 {[%emt 0:02:34]} Qd8 {[%emt 0:03:39]} 19. Qb4 {[%emt 0:01:20]} Nh5 {[%emt 0:07:40]} 20. e5 {[%emt 0:08:29]} dxe5 {[%emt 0:00:17]} 21. d6 Bg5 {[%emt 0:01:11]} 22. d7 {[%emt 0:01:23]} Re6 {[%emt 0:00:49]} 23. Ne4 {[%emt 0:22:55]} Rb6 {[%emt 0:04:41]} 24. Qc5 {[%emt 0:05:56]} Bf4 {[%emt 0:01:15]} 25. Ng3 {[%emt 0:00:31]} Nf6 {[%emt 0:04:13]} 26. b3 {[%emt 0:01:54]} Rc6 {[%emt 0:04:50]} 27. Qb4 {[%emt 0:00:21]} Nxd7 {[%emt 0:15:11]} 28. Bh3 {[%emt 0:07:30]} Qb6 {[%emt 0:01:54]} 29. Qa3 {[%emt 0:09:05]} Qxf2 {[%emt 0:00:59]} 30. Rf1 {[%emt 0:00:13]} Qe3 {[%emt 0:05:08]} 31. Bxd7 {[%emt 0:03:36]} Rg6 {[%emt 0:04:02]} 32. Bf5 {[%emt 0:03:27]} Bxg3 {[%emt 0:03:11]} 33. Bxg6 {[%emt 0:00:55]} fxg6 {[%emt 0:01:26]} 34. hxg3 {[%emt 0:03:10]} Rxf3 {[%emt 0:00:05]} 35. Qc1 {[%emt 0:02:16]} Rxf1+ {[%emt 0:02:23]} 36. Rxf1 {[%emt 0:00:10]} Qxg3 {[%emt 0:00:05]} 37. Qc4+ {[%emt 0:08:35]} Kh7 38. Rf8 {[%emt 0:03:26]} h5 {[%emt 0:02:42]} 39. Qg8+ {[%emt 0:00:08]} Kh6 {[%emt 0:00:08]} 40. Qc4 {[%emt 0:00:00]} Kh7 {[%emt 0:00:00]} 41. Qe4 {[%emt 0:05:56]} Qc3 {[%emt 0:06:24]} 42. Rf2 {[%emt 0:00:49]} Qc1+ {[%emt 0:00:59]} 43. Kh2 {[%emt 0:00:26]} Qg5 {[%emt 0:00:36]} 44. Re2 {[%emt 0:01:52]} Qf4+ {[%emt 0:08:42]} 45. Kg2 {[%emt 0:02:02]} Qg5+ {[%emt 0:00:16]} 46. Kf2 {[%emt 0:04:31]} Qf4+ $2 {[%emt 0:01:18]} (46... a5 47. Qxe5 Qh4+ 48. Qg3 Qd4+ 49. Kg2 b6) 47. Qxf4 {[%emt 0:02:05]} exf4 {[%emt 0:00:03]} 48. Kf3 {[%emt 0:00:11]} g5 {[%emt 0:00:15]} 49. Re5 {[%emt 0:00:25]} Kg6 {[%emt 0:00:09]} 50. a4 {[%emt 0:00:29]} Kf6 {[%emt 0:00:15]} 51. Rc5 {[%emt 0:00:06]} b6 {[%emt 0:00:29]} 52. Rd5 {[%emt 0:00:07]} Kg6 {[%emt 0:00:50]} 53. b4 {[%emt 0:00:14]} Kf6 {[%emt 0:00:04]} 54. a5 {[%emt 0:00:17]} b5 {[%emt 0:00:19]} 55. Ke4 {[%emt 0:00:16]} h4 {[%emt 0:00:15]} 56. Kf3 {[%emt 0:00:05]} h3 {[%emt 0:00:07]} 57. Kg4 {[%emt 0:00:26]} h2 {[%emt 0:00:52]} 58. Rd1 {[%emt 0:00:03]} Ke5 {[%emt 0:00:04]} 59. Rh1 {[%emt 0:00:05]} Kd4 {[%emt 0:00:09]} 60. Rxh2 {[%emt 0:00:17]} Kc3 {[%emt 0:00:08]} 61. Kxg5 {[%emt 0:00:18]} Kxb4 {[%emt 0:00:14]} 62. Kxf4 {[%emt 0:00:05]} Kxa5 {[%emt 0:02:43]} 63. Ke3 {[%emt 0:00:27]} Kb4 {[%emt 0:01:47]} 64. Kd2 {[%emt 0:00:05]} Kb3 {[%emt 0:00:13]} 65. Kc1 {[%emt 0:00:05]} b4 {[%emt 0:00:16]} 66. Kb1 {[%emt 0:00:17]} a5 {[%emt 0:00:06]} 67. Rh3+ {[%emt 0:00:11]} Kc4 {[%emt 0:00:07]} 68. Kb2 {[%emt 0:00:10]} a4 {[%emt 0:00:08]} 69. Rh4+ {[%emt 0:00:22]} Kc5 {[%emt 0:00:32]} 70. Rg4 {[%emt 0:00:05]} Kd5 {[%emt 0:00:23]} 71. Rxg7 {[%emt 0:00:07]} Kc4 {[%emt 0:00:18]} 72. Rc7+ {[%emt 0:00:06]} Kb5 {[%emt 0:00:14]} 73. Ra7 1-0

[Event "Polonia Wroclaw Masters Cup-IM"]
[Site "Wroclaw"]
[Date "2019.05.04"]
[Round "8.1"]
[White "Krzywda, Andrzej"]
[Black "Martynyuk, Elizaveta"]
[Result "0-1"]
[WhiteElo "2199"]
[BlackElo "2141"]
[Annotator "NA"]
[PlyCount "82"]
[EventDate "2019.04.28"]
[EventType "tourn"]
[EventCountry "POL"]
[SourceTitle "playchess.com"]
[Source "ChessBase"]
[SourceQuality "1"]
[TimeControl "40/5400+30:900+30"]

1. d4 {[%emt 0:00:00]} d5 {[%emt 0:00:00]} 2. c4 {[%emt 0:00:00]} c6 {[%emt 0:00:00]} 3. cxd5 {[%emt 0:00:00]} cxd5 {[%emt 0:00:00]} 4. Bf4 {[%emt 0:00:00]} Nf6 {[%emt 0:00:04]} 5. e3 {[%emt 0:00:00]} Nc6 {[%emt 0:00:04]} 6. Nc3 {[%emt 0:00:07]} a6 {[%emt 0:00:05]} 7. Be2 {[%emt 0:02:12]} h6 {[%emt 0:00:31]} 8. Bd3 {[%emt 0:05:56]} Bg4 {[%emt 0:00:41]} 9. f3 {[%emt 0:00:20]} Bd7 {[%emt 0:00:06]} 10. Nge2 {[%emt 0:01:08]} e6 {[%emt 0:00:10]} 11. O-O {[%emt 0:07:20]} Nh5 {[%emt 0:01:39]} 12. Be5 {[%emt 0:03:35]} Nxe5 {[%emt 0:00:17]} 13. dxe5 {[%emt 0:00:02]} Bc5 {[%emt 0:00:12]} 14. Kh1 {[%emt 0:07:45]} Bxe3 {[%emt 0:09:45]} 15. f4 {[%emt 0:00:30]} d4 {[%emt 0:01:36]} 16. Ne4 {[%emt 0:01:50]} O-O {[%emt 0:00:29]} 17. N4g3 {[%emt 0:13:41]} Nxg3+ {[%emt 0:01:42]} 18. Nxg3 {[%emt 0:00:19]} Qh4 {[%emt 0:08:36]} 19. Qf3 {[%emt 0:02:52]} Bc6 {[%emt 0:01:25]} 20. Be4 {[%emt 0:01:12]} Bb5 {[%emt 0:01:07]} 21. Nh5 {[%emt 0:16:38]} Bxf1 {[%emt 0:00:54]} 22. Rxf1 {[%emt 0:04:42]} Rac8 {[%emt 0:05:00]} 23. Bd3 {[%emt 0:04:25]} Rc6 {[%emt 0:01:32]} 24. g3 Qd8 {[%emt 0:10:24]} 25. Be4 {[%emt 0:05:43]} Rc7 {[%emt 0:04:03]} 26. Rd1 {[%emt 0:12:53]} Kh8 {[%emt 0:02:33]} 27. Qg4 {[%emt 0:04:18]} Rg8 {[%emt 0:00:18]} 28. h4 {[%emt 0:00:54]} Qc8 {[%emt 0:01:52]} 29. Kg2 {[%emt 0:02:50]} Rc1 {[%emt 0:00:41]} 30. Kh3 {[%emt 0:02:23]} Rxd1 {[%emt 0:00:34]} 31. Qxd1 {[%emt 0:00:02]} Qc1 {[%emt 0:00:07]} 32. Qb3 {[%emt 0:01:19]} Qf1+ {[%emt 0:00:12]} 33. Bg2 {[%emt 0:00:36]} Qe2 {[%emt 0:00:06]} 34. g4 {[%emt 0:00:33]} Bg1 {[%emt 0:00:51]} 35. Qxb7 {[%emt 0:00:23]} Qe3+ {[%emt 0:00:07]} 36. Qf3 {[%emt 0:00:49]} d3 {[%emt 0:00:13]} 37. Qxe3 {[%emt 0:00:37]} Bxe3 {[%emt 0:00:12]} 38. Ng3 {[%emt 0:00:22]} d2 {[%emt 0:00:21]} 39. Bf3 {[%emt 0:00:12]} Bxf4 {[%emt 0:00:23]} 40. Ne4 {[%emt 0:00:00]} Rd8 {[%emt 0:00:00]} 41. Nd6 {[%emt 0:00:16]} Kg8 {[%emt 0:00:19]} 0-1